[Event "ESP-ch U14 Rapid"]
[Site "Salobrena"]
[Date "2022.07.24"]
[Round "7"]
[White "Fuentes Guinot, Alejandro"]
[Black "Cereijo Suarez, Nerea"]
[Result "1-0"]
[WhiteElo "1601"]
[BlackElo "1476"]
[PlyCount "141"]
[EventDate "2022.07.23"]
[EventType "swiss (rapid)"]
[EventRounds "9"]
[EventCountry "ESP"]
[SourceTitle "EXT 2023"]
[Source "ChessBase"]
[SourceDate "2022.10.05"]
[SourceVersion "1"]
[SourceVersionDate "2022.10.05"]
[SourceQuality "1"]

1. d4 Nf6 2. Bf4 e6 3. e3 c5 4. c3 d5 5. Nf3 Nc6 6. Nbd2 c4 7. e4 dxe4 8. Ne5 Nxe5 9. Bxe5 Be7 10. Bxc4 Bd7 11. 0-0 Bc6 12. Re1 Rc8 13. Bb3 Qa5 14. Nc4 Qd8 15. Rc1 0-0 16. Nd2 a5 17. Bc2 a4 18. Bxa4 b5 19. Bc2 Qa5 20. a3 Nd7 21. Bg3 f5 22. f3 f4 23. Nxe4 fxg3 24. Nxg3 Bg5 25. Ra1 Rce8 26. Qd3 Nf6 27. Nh5 g6 28. Ng3 Bd5 29. Qe2 Rf7 30. Bd3 Rb7 31. Qe5 h6 32. Bxg6 Ree7 33. Nf1 Qc7 34. f4 Qxe5 35. dxe5 Bxf4 36. exf6 Rec7 37. Ne3 Bb3 38. g3 Bg5 39. Be4 Rb8 40. Ng4 Kf7 41. h4 Bd2 42. Re2 Rd8 43. Kh2 h5 44. Ne3 Kxf6 45. Ng2 Ke7 46. Nf4 Bxf4 47. gxf4 Rg8 48. Rg1 Rxg1 49. Kxg1 Rc4 50. Kf2 Bd1 51. Re1 Bg4 52. Ke3 Rc5 53. Rf1 Kf6 54. Rf2 Bd1 55. Rd2 Bg4 56. Rd6 Ke7 57. Rb6 e5 58. fxe5 Rxe5 59. Kd4 Re6 60. Rxb5 Rd6+ 61. Ke3 Rd1 62. Rb7+ Kd6 63. Rb6+ Kc5 64. Rb4 Re1+ 65. Kf4 Rf1+ 66. Kg5 Rf2 67. Bg6 Rd2 68. Bxh5 Bxh5 69. Kxh5 Rg2 70. a4 Rg8 71. Rb7 1-0

[Event "ESP-chT Regional U14"]
[Site "Gijon"]
[Date "2021.06.17"]
[Round "2.4"]
[White "Cereijo Suarez, Nerea"]
[Black "Salord Guillen, Joan"]
[Result "0-1"]
[WhiteElo "1544"]
[BlackElo "1577"]
[PlyCount "128"]
[EventDate "2021.06.17"]
[EventType "team-swiss"]
[EventRounds "6"]
[EventCountry "ESP"]
[SourceTitle "EXT 2022"]
[Source "ChessBase"]
[SourceDate "2021.10.06"]
[SourceVersion "1"]
[SourceVersionDate "2021.10.06"]
[SourceQuality "1"]
[WhiteTeam "Galicia U14"]
[BlackTeam "Baleares U14"]
[WhiteTeamCountry "ESP"]
[BlackTeamCountry "ESP"]

1. e4 c5 2. Nc3 e6 3. Nge2 Nc6 4. g3 g6 5. d4 cxd4 6. Nxd4 Nf6 7. Ndb5 a6 8. Nd6+ Bxd6 9. Qxd6 Qe7 10. e5 Qxd6 11. exd6 0-0 12. Bg5 Kg7 13. Bg2 Ne8 14. 0-0-0 f6 15. Be3 Ne5 16. Na4 Nc4 17. Bd4 Rh8 18. Bc5 Rb8 19. b3 b6 20. bxc4 bxc5 21. Nxc5 Rb6 22. Ne4 Bb7 23. f3 Bxe4 24. fxe4 Rc6 25. Bf1 Kf7 26. c5 Rxc5 27. Bxa6 e5 28. Rd5 Rxd5 29. Bc4 Nxd6 30. Bxd5+ Ke7 31. Kd2 Rb8 32. Re1 Rb4 33. Kc3 Rd4 34. Re3 Nb5+ 35. Kb3 Rd2 36. c3 Rxh2 37. a4 Nc7 38. a5 Rh1 39. Re2 Rg1 40. Ra2 Rxg3 41. a6 f5 42. a7 fxe4 43. Bxe4 h5 44. a8Q Nxa8 45. Bxa8 Ke6 46. Kb4 g5 47. c4 h4 48. Bd5+ Ke7 49. Kc5 g4 50. Rf2 Rd3 51. Rf7+ Ke8 52. Rg7 g3 53. Bb7 h3 54. Be4 Re3 55. Bd5 Rd3 56. Be4 h2 57. Bg2 Rd2 58. Rxg3 Rxg2 59. Rh3 Rd2 60. Kb4 e4 61. Rh4 e3 62. Kc3 Kf7 63. Rh3 Ra2 64. Kd3 e2 0-1

[Event "Wch U10 Girls"]
[Site "Santiago de Compostela"]
[Date "2018.11.13"]
[Round "9"]
[White "Zakirova, Aisha"]
[Black "Cereijo Suarez, Nerea"]
[Result "1-0"]
[WhiteElo "1678"]
[BlackElo "1368"]
[PlyCount "107"]
[EventDate "2018.11.04"]
[EventType "swiss"]
[EventRounds "11"]
[EventCountry "ESP"]
[SourceTitle "EXT 2022"]
[Source "ChessBase"]
[SourceDate "2021.10.06"]
[SourceVersion "1"]
[SourceVersionDate "2021.10.06"]
[SourceQuality "1"]

1. d4 d5 2. c4 c6 3. Nc3 e6 4. e4 Nf6 5. cxd5 cxd5 6. e5 Nfd7 7. Nf3 Nc6 8. Be3 Nb6 9. Rc1 Be7 10. Be2 0-0 11. 0-0 h6 12. a3 Na5 13. Nd2 Bd7 14. Bd3 Bg5 15. Bxg5 Qxg5 16. b4 Nac4 17. Nxc4 dxc4 18. Be4 Rab8 19. Qf3 Bc8 20. Qe2 Bd7 21. f4 Qe7 22. Qf3 Bc8 23. Nb5 a6 24. Nd6 Rd8 25. Rfd1 f5 26. Bb1 Qc7 27. Ba2 Bd7 28. Bxc4 Nxc4 29. Rxc4 Bc6 30. Qh5 Rxd6 31. exd6 Qxd6 32. Rc3 Qxf4 33. Rg3 Be8 34. Qe2 Bf7 35. Qb2 g5 36. Qc3 Rd8 37. Rf3 Qe4 38. Re3 Qf4 39. Rf3 Qe4 40. Rff1 b5 41. Rfe1 Qf4 42. Qc5 Qd6 43. Qxd6 Rxd6 44. Re5 Bh5 45. Rd2 Kf7 46. Kf2 Ke7 47. Rc5 Kd7 48. g3 Bf7 49. Ke3 Bg8 50. Rdc2 Ke7 51. Rc7+ Rd7 52. R2c6 Rxc7 53. Rxc7+ Kd6 54. Rg7 1-0

[Event "Padron Pre-Mundial U10"]
[Site "Padron"]
[Date "2018.09.07"]
[Round "7"]
[White "Cereijo Suarez, Nerea"]
[Black "Cereijo Suarez, Alejandro"]
[Result "0-1"]
[WhiteElo "1328"]
[BlackElo "1570"]
[PlyCount "70"]
[EventDate "2018.09.03"]
[EventType "swiss"]
[EventRounds "9"]
[EventCountry "ESP"]
[SourceTitle "EXT 2024"]
[Source "ChessBase"]
[SourceDate "2023.10.10"]
[SourceVersion "1"]
[SourceVersionDate "2023.10.10"]
[SourceQuality "1"]

1. e4 c5 2. d4 cxd4 3. c3 dxc3 4. Nxc3 e6 5. Bc4 a6 6. Nf3 b5 7. Bb3 Bb4 8. Qd4 Bxc3+ 9. bxc3 Qf6 10. e5 Qe7 11. a4 Nc6 12. Qg4 f5 13. Qg3 b4 14. cxb4 Qxb4+ 15. Bd2 Qg4 16. Qxg4 fxg4 17. Ng5 Nd4 18. Bd1 Bb7 19. 0-0 h6 20. Be3 Nf5 21. Rb1 Bc6 22. Nxe6 dxe6 23. Bc5 h5 24. Bc2 Nge7 25. Rb6 Bd5 26. a5 Kf7 27. Bd3 Nc6 28. Bxf5 exf5 29. Rd1 Ke6 30. Kf1 Kxe5 31. Re1+ Kf6 32. Rd1 Rad8 33. Rdb1 Bc4+ 34. Kg1 Bb5 35. R1xb5 Rd1# 0-1

[Event "Pontevedra op-B 6th"]
[Site "Pontevedra"]
[Date "2018.08.10"]
[Round "4"]
[White "Moreira Mera, Julio Cesar"]
[Black "Cereijo Suarez, Nerea"]
[Result "0-1"]
[WhiteElo "1197"]
[BlackElo "1316"]
[PlyCount "74"]
[EventDate "2018.08.08"]
[EventType "swiss"]
[EventRounds "9"]
[EventCountry "ESP"]
[SourceTitle "CBM 186 Extra"]
[Source "ChessBase"]
[SourceDate "2018.08.24"]
[SourceVersion "1"]
[SourceVersionDate "2018.08.24"]
[SourceQuality "1"]

1. e4 c5 2. Nf3 e6 3. d4 cxd4 4. Nxd4 a6 5. Nc3 Qc7 6. Be2 Bb4 7. Qd2 Nf6 8. f3 d5 9. a3 Qa5 10. Nb3 Bxc3 11. Nxa5 Bxd2+ 12. Bxd2 dxe4 13. Bb4 exf3 14. gxf3 b6 15. Nc4 b5 16. Nd6+ Kd7 17. Nxf7 a5 18. Bxb5+ Kc7 19. Bd6+ Kb6 20. a4 Rg8 21. c4 Nbd7 22. c5+ Nxc5 23. Rc1 Nfd7 24. Ne5 Rd8 25. Nc4+ Kb7 26. Ke2 Nb3 27. Rc3 Nd4+ 28. Kd3 Nxb5 29. axb5 Ne5+ 30. Ke4 Nxc4 31. Bc7 Kxc7 32. Rxc4+ Kb8 33. Rhc1 Bb7+ 34. Ke5 Bd5 35. Rc7 Ra7 36. b6 Rb7 37. f4 Rxb6 0-1